Open Data Biblioteca Nacional de Portugal


República Portuguesa: Ministério da Cultura
Biblioteca Nacional de Portugal

Catálogo da BNP: acesso por Identificadores Unívocos
Registos Bibliográficos associados ao registo de autoridade

Etiqueta de registo: 00254nam 2200025 450
001 2285323
003 http://id.bnportugal.gov.pt/bib/catbnp/2285323
010 ## $a978-989-9197-72-5
021 ## $aPT$b560348/26
100 ## $a20260427d2026 c y0pory01030103ba
101 1# $apor$cfre
102 ## $aPT
105 ## $aa z 000yy
106 ## $ar
200 1# $aEu sou um lobo$fFlorence Jenner Metz$gil. Amandine Piu$gtrad. Andreia Salgueiro
205 ## $a1ª ed
210 #9 $a[S.l.]$cAlfarroba,$d2026
215 ## $a[32] p.$cil.$d31 cm
304 ## $aJe suis un loup
700 #1 $aMetz,$bFlorence Jenner,$f1972-$31997060
701 #1 $aPiu,$bAmandine,$f1982-$4440$31764793
702 #1 $aSalgueiro,$bAndreia$4730$31469522
801 #0 $aPT$bBN$gRPC
966 ## $lBN$mFGMON$x1
966 ## $lBN$mFGMON$x1
971 ## $cssilva$d20260427

OpendataBNP@bnportugal.pt | Mais informação sobre acesso aos dados BNP